000 00557nam a2200229Ia 4500
003 OSt
005 20221006151428.0
006 a|||||r|||| 00| 0
007 ta
008 221006b |||||||| |||| 00| 0 eng d
020 _c30.00
024 _a22,064
037 _cTextual
040 _aEASL
_cEASL
_beng
041 _2eng
_aeng
100 _aMOHAN RAM
245 0 _aPolitics of Sino-Indian confrontation
260 _aNew Delhi
_bVikas
_c1973
300 _a241p.
_ccm.
942 _cTEXL
_2CC
999 _c1090150
_d1090150